Bruno Mars Quiz - Statistics

General Stats
  • This quiz has been taken 208 times
  • The average score is 6 of 10
Answer Stats
Question Answer % Correct
What instrument does he play? Guitar
89%
How old is he? 34
87%
Where does he live now? Las Vegas
87%
Where was he born? Hawaii
71%
What is his middle name? Gene
55%
When is his birthday? October 8
47%
What is his favorite drink? Rum
42%
What is his favorite food? Chicken Adobo
37%
What is his favorite color? Maroon
32%
What band was he in when he was little? The love notes
26%
No matching quizzes found
Score Distribution
Percent of People with Each Score
Percentile by Number Answered
Your Score History
You have not taken this quiz